| 000 | 00733nam a2200181 a 4500 | ||
|---|---|---|---|
| 003 | 0 | ||
| 005 | 20250313150641.0 | ||
| 008 | 090709s19uu xx 00 eng d | ||
| 050 |
_aPHS LB 3060.83 _b.N111 2009 |
||
| 100 | _aNa, Yong Jin. | ||
| 245 |
_aAn Evaluation of Southville International School and Colleges' grade 11 Korean and Filipino students' levels of indicators of college readiness / _cYong Jin Na. |
||
| 260 |
_aLas PiƱas City, Philippines : _bSouthville International School and Colleges, _c2009. |
||
| 300 |
_a30 pages : _billustrations ; _c28 cm. |
||
| 504 | _aIncludes bibliographical references. | ||
| 650 |
_aCollege readiness _xEvaluation. |
||
| 650 |
_aMulticultural education _xPhilippines. |
||
| 942 |
_2lcc _cPASS |
||
| 999 |
_c98260 _d98260 |
||